Missing Word: '80s Movies A-Z Quiz Stats

 Plays Quiz Updated Aug 29, 2014

Support Sporcle.
Go Orange.
Score 0/24 Timer 03:00
0 Plays Today
Hint Answer % Correct
Die ____Hard
98.3%
____ Jones and the Temple of DoomIndiana
98.2%
The ____ MermaidLittle
98.2%
The Breakfast ____Club
98%
Once ____ A Time in AmericaUpon
97.3%
Top ____Gun
97%
For ____ Eyes OnlyYour
96.7%
A ____ on Elm StreetNightmare
96.2%
Ferris Bueller's Day ____Off
96%
The Color ____Purple
95.9%
Back to the ____Future
94.8%
The ____ KidKarate
94.4%
Hint Answer % Correct
Lethal ____Weapon
94.4%
Full ____ JacketMetal
94.1%
Fatal ____Attraction
93.2%
The Princess ____Bride
92.5%
Return of the ____Jedi
91.3%
Twilight ____: The MovieZone
89.5%
St. _____ FireElmo's
87.3%
____ CandlesSixteen
86.6%
____ BullRaging
85.5%
Dirty ____Dancing
85.4%
Blue ____Velvet
73.9%
My Neighbor ____Totoro
22.2%

Today's Daily Dose

Quick Pick
'P' Beverages

Get the Picture
Fictional Counts

You're not logged in!

Compare scores with friends on all Sporcle quizzes.
OR
Log In

From the Vault

Blitz: Name a Movie Sequel...

by DarkPhalanx

Try adding a number after the title, it normally helps.
Remove Ads.
Support Sporcle.
Get the best of Sporcle when you Go Orange. This ad-free experience offers more features, more stats, and more fun while also helping to support Sporcle. Thank you for becoming a member.

Show Comments

Extras

Top Quizzes Today


Score Distribution

Your Account Isn't Verified!

In order to create a playlist on Sporcle, you need to verify the email address you used during registration. Go to your Sporcle Settings to finish the process.

Report this User

Report this user for behavior that violates our Community Guidelines.

Details: